| 000 | 00385nam a22001577a 4500 | ||
|---|---|---|---|
| 003 | macl | ||
| 005 | 20150527133132.0 | ||
| 008 | 150527b xxu||||| |||| 00| 0 eng d | ||
| 040 | _cmacl | ||
| 082 | _a294 | ||
| 100 |
_aR.Kumar _948 |
||
| 245 | _aCulture and Religion of North-East India | ||
| 260 |
_aNew Delhi _bArpan Publications _c2013 |
||
| 650 |
_aReligion _938 |
||
| 942 |
_2ddc _cBK |
||
| 999 |
_c49736 _d49736 |
||